| 000 | 00551nam a2200205Ia 4500 | ||
|---|---|---|---|
| 001 | 1362 | ||
| 003 | GE_BSU | ||
| 008 | 181216s||||||||xx |||||||||||||| ||und|| | ||
| 040 | _cGE_BSU | ||
| 080 | _a811.161.2.09 | ||
| 245 | _aШевченко и мировая культура | ||
| 245 | _bК 150-летию со дня рождения. 1814-1964 | ||
| 260 | _aМосква | ||
| 260 | _bНаука | ||
| 260 | _c1964 | ||
| 300 | _a274стр. | ||
| 541 | _h12л. | ||
| 653 | _aШевченко и мировая культура | ||
| 942 | _cBK | ||
| 999 |
_c35501 _d35501 |
||